[Event "Czechia KP-chTB 0607"]
[Site "Czech Republic"]
[Date "2007.03.04"]
[Round "9.6"]
[White "Buril, Petr"]
[Black "Sysel, Jan"]
[Result "1-0"]
[WhiteElo "2057"]
[BlackElo "1710"]
[PlyCount "67"]
[EventDate "2006.10.29"]
[EventType "team"]
[EventRounds "11"]
[EventCountry "CZE"]
[SourceTitle "EXT 2008"]
[Source "ChessBase"]
[SourceDate "2007.11.25"]
[SourceVersion "1"]
[SourceVersionDate "2007.11.25"]
[SourceQuality "1"]
[WhiteTeam "Ricany II"]
[BlackTeam "Benesov"]
[WhiteTeamCountry "CZE"]
[BlackTeamCountry "CZE"]

1. f4 d5 2. Nf3 Nc6 3. e3 a6 4. b3 Bg4 5. Be2 Bxf3 6. Bxf3 e5 7. fxe5 Nxe5 8. Bb2 Qd6 9. Nc3 Nf6 10. a4 Qe6 11. 0-0 Bd6 12. Ne2 c6 13. Nf4 Qd7 14. Nh5 Nxh5 15. Bxh5 g6 16. Bf3 0-0-0 17. Bc3 Rhf8 18. b4 Qc7 19. h3 f5 20. b5 f4 21. bxa6 fxe3 22. axb7+ Qxb7 23. dxe3 Nxf3+ 24. Rxf3 Rxf3 25. Qxf3 Rf8 26. Qe2 Bc5 27. Bd4 Ba7 28. a5 Re8 29. Qg4+ Kb8 30. a6 Qc8 31. Qf4+ Ka8 32. Bxa7 Kxa7 33. Qf7+ Ka8 34. a7 1-0

[Event "Czechia KP-chTB 0607"]
[Site "Czech Republic"]
[Date "2006.11.30"]
[Round "3.6"]
[White "Tomisek, Petr"]
[Black "Sysel, Jan"]
[Result "1-0"]
[WhiteElo "1917"]
[BlackElo "1710"]
[PlyCount "84"]
[EventDate "2006.10.29"]
[EventType "team"]
[EventRounds "11"]
[EventCountry "CZE"]
[SourceTitle "EXT 2008"]
[Source "ChessBase"]
[SourceDate "2007.11.25"]
[SourceVersion "1"]
[SourceVersionDate "2007.11.25"]
[SourceQuality "1"]
[WhiteTeam "Struharov"]
[BlackTeam "Benesov"]
[WhiteTeamCountry "CZE"]
[BlackTeamCountry "CZE"]

1. e4 c6 2. Nc3 d5 3. Qf3 d4 4. Bc4 e6 5. Nce2 c5 6. d3 Bd6 7. Nh3 Nc6 8. Bf4 Nf6 9. Qg3 Nh5 10. Qg4 g6 11. Bxd6 Qxd6 12. f4 Bd7 13. 0-0 Qe7 14. Ng3 Nxg3 15. Qxg3 0-0-0 16. Rfb1 h6 17. Bb5 Nb4 18. Bxd7+ Rxd7 19. Qf2 g5 20. f5 g4 21. Nf4 e5 22. a3 Na6 23. Nd5 Qd6 24. b4 b6 25. bxc5 bxc5 26. Qd2 Nc7 27. Nxc7 Qxc7 28. Rb3 Kd8 29. Rab1 Ke7 30. a4 Qc6 31. Qa5 Rc8 32. Rb5 Rdc7 33. Rb8 Kd7 34. Rxc8 Kxc8 35. Rb5 h5 36. Kf2 h4 37. Qd2 Qf6 38. a5 c4 39. Qb4 Qh6 40. Rb8+ Kd7 41. Qb5+ Rc6 42. Qd5+ Kc7 1-0

[Event "Czechia KP-chTB 0607"]
[Site "Czech Republic"]
[Date "2006.10.29"]
[Round "1.5"]
[White "Sysel, Jan"]
[Black "Boucek, Vlastimil"]
[Result "0-1"]
[WhiteElo "1710"]
[BlackElo "1982"]
[PlyCount "80"]
[EventDate "2006.10.29"]
[EventType "team"]
[EventRounds "11"]
[EventCountry "CZE"]
[SourceTitle "EXT 2008"]
[Source "ChessBase"]
[SourceDate "2007.11.25"]
[SourceVersion "1"]
[SourceVersionDate "2007.11.25"]
[SourceQuality "1"]
[WhiteTeam "Benesov"]
[BlackTeam "Kostelec nad CL"]
[WhiteTeamCountry "CZE"]
[BlackTeamCountry "CZE"]

1. e4 Nf6 2. Nc3 e6 3. Nf3 d5 4. e5 Nfd7 5. d4 c5 6. Ne2 cxd4 7. Nexd4 Nc6 8. Bf4 a6 9. a3 Qc7 10. Nxc6 bxc6 11. Be2 c5 12. Qd2 Bb7 13. c3 a5 14. a4 Ba6 15. 0-0 Be7 16. Rfe1 0-0 17. Bg5 Bxg5 18. Qxg5 Rfb8 19. Rab1 Bxe2 20. Rxe2 Nb6 21. Qf4 f5 22. b3 h6 23. Qc1 Qd7 24. Reb2 g5 25. Nd2 Qg7 26. Qe1 Nd7 27. f4 Rb7 28. Qf2 Rab8 29. Kh1 Rb6 30. g3 Qe7 31. Nf3 Kh7 32. Qd2 g4 33. Ne1 Nf8 34. Nd3 Qc7 35. Qf2 Nd7 36. Qd2 Qc6 37. Qg2 c4 38. Nc1 cxb3 39. Nxb3 Qxc3 40. Rc2 Rxb3 0-1